Management Information Systems (Record no. 1016)
[ view plain ]
| 000 -LEADER | |
|---|---|
| fixed length control field | 02247cam a22002054a 4500 |
| 005 - ΗΜΕΡΟΜΗΝΙΑ ΚΑΙ ΩΡΑ ΤΕΛΕΥΤΑΙΑΣ ΕΝΗΜΕΡΩΣΗΣ | |
| Πεδίο ελέγχου | 20250605163955.0 |
| 008 - FIXED-LENGTH DATA ELEMENTS--GENERAL INFORMATION | |
| Πεδίο ελέγχου σταθερού μήκους | 250528s ||||||||||||||||||||||||d |
| 035 ## - SYSTEM CONTROL NUMBER | |
| System control number | 15436 |
| 020 ## - ISBN | |
| ISBN | 71005153 |
| 040 ## - ΠΗΓΗ ΚΑΤΑΛΟΓΟΓΡΑΦΗΣΗΣ | |
| Φορέας πρωτότυπης καταλογογράφησης | MC Athens Campus Library |
| Γλώσσα καταλογογράφησης | Ελληνικά, Μοντέρνα (1453-) |
| Modifying agency | MC Athens Campus Library |
| Κανόνες περιγραφικής καταλογογράφησης | AACR2 |
| 245 1# - ΤΙΤΛΟΣ ΚΑΙ ΔΗΛΩΣΗ ΥΠΕΥΘΥΝΟΤΗΤΑΣ | |
| Τίτλος | Management Information Systems |
| 260 ## - PUBLICATION, DISTRIBUTION, ETC. | |
| Name of publisher, distributor, etc. | Mcgraw Hill Book Company, |
| Date of publication, distribution, etc. | 1989 |
| 300 ## - PHYSICAL DESCRIPTION | |
| Extent | 726 |
| 505 0# - FORMATTED CONTENTS NOTE | |
| Formatted contents note | Preface, Foundations, Introduction to Management Information Systems, Fundamental Types of Management Information Systems, Organizations and Information Systems, Management Decision Making, Personal Management Information Systems, Personal Information Systems: Goals and Applications, Components of Personal Information Systems, Developing Personal Information Systems, Workgroup Management Information Systems, Workgroup Information Systems: Goals and Applications, Components of Workgroup Information Systems, Developing Workgroup Information Systems, Organizational Management Information Systems, Organizational Information Systems: Goals and Applications, Components of Organizational Information Systems, Developing Organizational Information Systems, Decision Support and Expert Systems, Decision Support Systems, Knowledge Representation and Expert Systems, Glossary, Index. |
| 520 ## - SUMMARY, ETC. | |
| Summary, etc. | Preface, Foundations, Introduction to Management Information Systems, Fundamental Types of Management Information Systems, Organizations and Information Systems, Management Decision Making, Personal Management Information Systems, Personal Information Systems: Goals and Applications, Components of Personal Information Systems, Developing Personal Information Systems, Workgroup Management Information Systems, Workgroup Information Systems: Goals and Applications, Components of Workgroup Information Systems, Developing Workgroup Information Systems, Organizational Management Information Systems, Organizational Information Systems: Goals and Applications, Components of Organizational Information Systems, Developing Organizational Information Systems, Decision Support and Expert Systems, Decision Support Systems, Knowledge Representation and Expert Systems, Glossary, Index. |
| 700 1# - ΠΡΟΣΘΕΤΗ ΑΝΑΓΡΑΦΗ--ΦΥΣΙΚΟ ΠΡΟΣΩΠΟ | |
| Personal name | Kroenke David |
| 9 (RLIN) | 1359 |
| 942 ## - ADDED ENTRY ELEMENTS (KOHA) | |
| Koha item type | Books |
| Τύπος τεκμηρίου | Βιβλιοθήκη | Τρέχουσα τοποθεσία | Barcode | Αριθμός εισαγωγής | Ημερομηνία απόκτησης | Ταξιθετικό σύμβολο | Αριθμός αντιτύπου | Κατάσταση απόσυρσης | Κατάσταση χαμένου | Κατάσταση κατεστραμμένου | Μη δανεισμός | Σύνολο δανεισμών | Ημερομηνία τελευταίας εμφάνισης | Η τιμή ισχύει από |
|---|---|---|---|---|---|---|---|---|---|---|---|---|---|---|
| Books | MC Athens Campus Library | MC Athens Campus Library | 9780000010155 | 1777 | 05/06/2025 | 658.4/038 KRO | 1 | 05/06/2025 | 05/06/2025 |